|
|
|
|
| LEADER |
01002nab#a2200241#a#4500 |
| 001 |
000249 |
| 005 |
20190726140220.0 |
| 008 |
020625c2001####ag##################spa#d |
| 999 |
|
|
|c 31602
|d 115402
|
| 040 |
|
|
|a AR-BeUNQ
|
| 099 |
|
|
|a P-AR-REV1
|
| 100 |
1 |
|
|a Levitsky, Steven
|
| 245 |
0 |
2 |
|a Una "des-organización organizada" :
|b organización informal y persistencia de estructuras partidarias locales en el peronismo argentino /
|c Steven Levitsky.
|
| 530 |
|
|
|a También disponible en versión PDF en el Repositorio Institucional Digital de Acceso Abierto RIDAA-UNQ
|
| 650 |
|
7 |
|a Historia
|2 spines
|
| 650 |
|
7 |
|a Partidos políticos
|2 spines
|
| 650 |
|
7 |
|a Representación política
|2 spines
|
| 651 |
|
7 |
|a Argentina
|2 Spines
|
| 653 |
|
|
|a Peronismo
|
| 653 |
|
|
|a Partido justicialista
|
| 773 |
0 |
|
|0 25834
|9 214764
|d Quilmes : Universidad Nacional de Quilmes,
|o 1045300012
|t Revista de Ciencias Sociales /
|w (AR-BeUNQ)015178
|x 0328-2643
|
| 856 |
|
|
|u https://ridaa.unq.edu.ar/handle/20.500.11807/1177
|
| 942 |
|
|
|c ANA
|n 0
|2 ddc
|